000 00711nam a2200217Ii 4500
003 JO-AjNU
008 230605s9999||||xx |||||||||||||| ||und||
017 _a1996/6/834
040 _aJO-AjNU
_bara
_erda
_cJO-AjNU
041 _aara
050 1 4 _aPJ7842.A95.A17 1997
100 3 _aتأليف الكيالي، شهلا,
_eauthor
_948680
245 0 0 _aوجهي الذي هناك
250 _aط1
264 3 1 _aبيروت:المؤسسة العربية للدراسات والنشر،1997 ؛ عمان:دار الفارس،1997
300 _a150ص
336 _atext
_btxt
_2rdacontent
337 _aunmediated
_bn
_2rdamedia
338 _avolume
_bnc
_2rdacarrier
650 4 _aالشعر العربي
_948681
999 _aA21335
_c24903
_d24903